000 00653nam a22002177a 4500
003 0
005 20260117151310.0
008 260117b xxu||||| |||| 00| 0 eng d
020 _a978-1-4451-2990-7
050 _aER
_bBu983 2014
082 _aER
_bBu983 2014
100 _aGraves, Sue
245 _aBut why can't I?
_cSue Graves
260 _aLondon :
_bFranklin Wyatts,
_c2014.
300 _a30 pages :
_bcolored illustrations ;
_c24 cm.
650 _aChildren's nonfiction.
650 _aCooperativeness
_vPictorial works
_xJuvenile literature.
650 _aJuvenile works.
700 _aGuicciardini, Desideria,
_eillustrator.
942 _2ddc
_cBK
999 _c368742
_d368742